Owner preoccupied (Record no. 79589)
[ view plain ]
| 000 -LEADER | |
|---|---|
| fixed length control field | 01223cab a22002055a 4500 |
| 001 - CONTROL NUMBER | |
| control field | L141808 |
| 008 - FIXED-LENGTH DATA ELEMENTS--GENERAL INFORMATION | |
| fixed length control field | 071221e20071026xxk f 000 0 eng d |
| 035 ## - SYSTEM CONTROL NUMBER | |
| System control number | (Sirsi) u141808 |
| 041 0# - LANGUAGE CODE | |
| Language code of text/sound track or separate title | eng |
| 100 1# - MAIN ENTRY--PERSONAL NAME | |
| Personal name | Bar-Hillel, Mira |
| 245 00 - TITLE STATEMENT | |
| Title | Owner preoccupied |
| 260 ## - PUBLICATION, DISTRIBUTION, ETC. | |
| Date of publication, distribution, etc. | 2007 |
| 490 ## - SERIES STATEMENT | |
| Series statement | Property Week |
| Volume/sequential designation | 72(43) 26 October 2007, 66-67(2) |
| 520 ## - SUMMARY, ETC. | |
| Summary, etc. | Examines why developers are not yet committed to the idea of building properties for the express purpose of letting. Argues that the UK's culture is unique in having a population under 35 who are not content to let flats on affordable terms. Even following the buy-to-let boom, only 20% of Londoners rent privately. This compares with 45-65% in other European cities, where rent is viewed in the same paradigm as utility bills. Argues that the British system encourages only the worst landlords and tenants to remain. Outlines a proposed system for managed build-to-let, possibly including based on residential REITs. |
| 590 ## - LOCAL NOTE (RLIN) | |
| Local note | KA |
| 651 #4 - SUBJECT ADDED ENTRY--GEOGRAPHIC NAME | |
| Geographic name | United Kingdom |
| Chronological subdivision | |
| 690 ## - LOCAL SUBJECT ADDED ENTRY--TOPICAL TERM (OCLC, RLIN) | |
| Topical term or geographic name as entry element | PROPERTY-RESIDENTIAL PROPERTY-RESIDENTIAL LANDLORD AND TENANT-RESIDENTIAL TENANCIES |
| 690 ## - LOCAL SUBJECT ADDED ENTRY--TOPICAL TERM (OCLC, RLIN) | |
| Topical term or geographic name as entry element | PROPERTY-PROPERTY FINANCE AND INVESTMENT-REAL ESTATE INVESTMENT TRUSTS |
| 942 ## - ADDED ENTRY ELEMENTS (KOHA) | |
| Suppress in OPAC | 0 |
| Withdrawn status | Lost status | Source of classification or shelving scheme | Damaged status | Not for loan | Home library | Current library | Shelving location | Date acquired | Total Checkouts | Full call number | Barcode | Date last seen | Copy number | Price effective from | Koha item type |
|---|---|---|---|---|---|---|---|---|---|---|---|---|---|---|---|
| Dewey Decimal Classification | London | London | Journal article | 21/12/2007 | L141808 | 141808-1001 | 06/08/2019 | 1 | 06/08/2019 | Journal article |